| 000 | 00791cam a22001814a 4500 | ||
|---|---|---|---|
| 005 | 20250605163350.0 | ||
| 008 | 250528s ||||||||||||||||||||||||d | ||
| 035 | _a17678 | ||
| 020 | _a9786185112202 | ||
| 040 |
_aGR-AtMCL _bgre _dGR-AtMCL _eAACR2 |
||
| 245 | 1 | _aΜουσική & Βίντεο σε PC και tablet / Τα Προγράμματα που Χρειάζεστε, Μετατροπές και Επεξεργασίας, Εγγραφή CD/ DVD και Οργάνωση Βίντεο & Μουσικής | |
| 260 |
_bDigerati, _c2014 |
||
| 300 | _a98 | ||
| 520 | _aΕισαγωγή, Αναπαράγοντας Βίντεο και Μουσική, Windows Movie Maker, Free Studio, Μουσική και Βίντεο στο Tablet. | ||
| 942 | _cBK | ||
| 999 |
_c3080 _d3080 |
||